000 00524cam a2200217ua 4500
020 _c140.00
041 _aeng
_h
082 _a637.14
_bSUK/OU
100 _aSukumar, De .
245 _aOutlines of dairy technology /
_cSukumar De.
_hTextual Documents
250 _a1 /
_b.
260 _aBombay :
_bOxford University Press ,
_c1992.
300 _a539 ; .
365 _a140.00
504 _a
942 _cBK
999 _c9632
_d9632